[Event "Campeonato Brasileiro Amador 2019 U1800"]
[Site "Sao Paulo"]
[Date "2019.06.21"]
[Round "4.5"]
[White "Da Silva, Joao Carlos Orguim"]
[Black "Parijos De Melo, Luiz Claudio"]
[Result "1/2-1/2"]
[WhiteElo "1793"]
[BlackElo "1706"]
[PlyCount "42"]
[EventDate "2019.06.20"]

1. c4 Nf6 2. d4 g6 3. Nc3 Bg7 4. e4 d6 5. h3 O-O 6. Be3 e5 7. d5 Ne8 8. Qc2 f5
9. exf5 gxf5 10. f3 f4 11. Bf2 Nf6 12. Bd3 Na6 13. a3 Nc5 14. Bxc5 dxc5 15. Ne4
Nxe4 16. Bxe4 Qh4+ 17. Qf2 Bf6 18. Qxh4 Bxh4+ 19. Kf1 Bf5 20. Bxf5 Rxf5 21. Ne2
a5 1/2-1/2

[Event "Campeonato Brasileiro Amador 2019 U1800"]
[Site "Sao Paulo"]
[Date "2019.06.21"]
[Round "4.6"]
[White "Lima, Vinicius Taishun"]
[Black "Fischer Schilling, Ian"]
[Result "1-0"]
[WhiteElo "1703"]
[BlackElo "1763"]
[PlyCount "130"]
[EventDate "2019.06.20"]

1. e4 c5 2. Nf3 d6 3. d4 cxd4 4. Nxd4 Nf6 5. Nc3 a6 6. f4 e6 7. Nf3 b5 8. Bd3
Nbd7 9. O-O Bb7 10. a3 Qc7 11. Qe1 Be7 12. Qg3 Nc5 13. e5 Nce4 14. Nxe4 Nxe4
15. Qe1 Nc5 16. Qg3 O-O-O 17. Be3 dxe5 18. Nxe5 Bf6 19. Nxf7 Qxf7 20. Bxc5 Bxb2
21. Rab1 Bd4+ 22. Bxd4 Rxd4 23. f5 e5 24. Qxe5 Rg4 25. Rf2 Re8 26. Qd6 Qd5 27.
Qxd5 Bxd5 28. f6 g6 29. Rbf1 Rf8 30. Re2 Rf7 31. h3 Ra4 32. Re5 Bb7 33. Rc5+
Kd7 34. Rc3 Ke6 35. Re1+ Kd5 36. Re7 Rxf6 37. Rxb7 Kd4 38. Rb3 h6 39. Re7 Kd5
40. Re3 g5 41. Rf3 Re6 42. Kf2 Kd4 43. Rb4+ Rxb4 44. axb4 Rc6 45. Ke2 Rc3 46.
Kd2 Ra3 47. Rf6 h5 48. Rg6 g4 49. hxg4 hxg4 50. Rxg4+ Ke5 51. Rg8 Ra4 52. Kc3
a5 53. bxa5 Rxa5 54. Kb4 Ra1 55. Kxb5 Kd4 56. g4 Rg1 57. g5 Ke5 58. g6 Kf6 59.
Rf8+ Kg7 60. Rf7+ Kg8 61. c4 Rg3 62. Be4 Rg4 63. Bd5 Rxg6 64. Rf6+ Kg7 65.
Rxg6+ Kxg6 1-0

[Event "Campeonato Brasileiro Amador 2019 U1800"]
[Site "Sao Paulo"]
[Date "2019.06.21"]
[Round "4.7"]
[White "De Sousa, Alex Aecio"]
[Black "Soares, Gustavo Henrique"]
[Result "0-1"]
[WhiteElo "1692"]
[BlackElo "1799"]
[PlyCount "71"]
[EventDate "2019.06.20"]

1. c4 e6 2. g3 d5 3. Bg2 Nf6 4. Nf3 c5 5. cxd5 exd5 6. d4 b6 7. Ne5 Bb7 8. Nc3
Nc6 9. Qa4 Rc8 10. Bh3 cxd4 11. Bxc8 Qxc8 12. Nxc6 Bxc6 13. Qxd4 Qf5 14. O-O
Bc5 15. Qf4 Qh3 16. Qh4 Qe6 17. Bg5 d4 18. Bxf6 gxf6 19. b4 Bxb4 20. Qxd4 Bc5
21. Qd3 h5 22. Rad1 Kf8 23. h4 Qh3 24. Nd5 Bxd5 25. Qxd5 Qxg3+ 26. Qg2 Qb8 27.
Kh1 Rg8 28. Qd5 Qe8 29. Qxh5 Qe4+ 30. f3 Qxe2 31. Rd8+ Ke7 32. Rxg8 Qxf1+ 33.
Kh2 Bd6+ 34. f4 Bxf4+ 35. Rg3 Qf2+ 36. Kh1 0-1

[Event "Campeonato Brasileiro Amador 2019 U1800"]
[Site "Sao Paulo"]
[Date "2019.06.21"]
[Round "4.8"]
[White "Ramos, Beny Irwing Pankiewi"]
[Black "Silva, Rodrigo Souza"]
[Result "0-1"]
[WhiteElo "1654"]
[BlackElo "1769"]
[Annotator "Kleyt"]
[PlyCount "47"]
[EventDate "2019.06.20"]

1. Nf3 Nf6 2. b3 g6 3. Bb2 Bg7 4. e3 c5 5. Be2 Nc6 6. O-O O-O 7. d4 cxd4 8.
exd4 d5 9. Nbd2 b6 10. Re1 e6 11. Ba3 Re8 12. Bb5 Bd7 13. Ba6 Qc7 14. h3 Rab8
15. Bb5 a6 16. Bd3 b5 17. Bc5 Bf8 18. Bxf8 Rxf8 19. a3 b4 20. Bxa6 bxa3 21.
Rxa3 Ra8 22. c3 Nb8 23. Qa1 Qd6 24. c4 {Incompreensível} 0-1

[Event "Campeonato Brasileiro Amador 2019 U1800"]
[Site "Sao Paulo"]
[Date "2019.06.21"]
[Round "4.9"]
[White "Abilhoa, Gustavo Auer"]
[Black "Davanso, Joao Pedro"]
[Result "0-1"]
[WhiteElo "1767"]
[BlackElo "1655"]
[PlyCount "106"]
[EventDate "2019.06.20"]

1. d4 Nf6 2. c4 e6 3. Nc3 Bb4 4. Bg5 h6 5. Bxf6 Qxf6 6. Nf3 d5 7. Qa4+ Nc6 8.
cxd5 exd5 9. e3 O-O 10. Rc1 Bg4 11. Be2 Rfe8 12. O-O Bxc3 13. Rxc3 Re7 14. Qb3
Nd8 15. Qxd5 c6 16. Qc4 Be6 17. Qb4 Bd5 18. Ne5 Qg5 19. f3 a5 20. Qa4 f6 21. e4
fxe5 22. exd5 exd4 23. Rc2 Qe3+ 24. Kh1 d3 25. Bxd3 Qxd3 26. Rfc1 Qxd5 27. Qh4
Qe5 28. Rc5 Qf6 29. Qf2 Ne6 30. R5c4 Rae8 31. Re4 Ng5 32. Rxe7 Rxe7 33. h4 Ne6
34. Re1 Nf8 35. Rxe7 Qxe7 36. g3 Qe6 37. a3 Nd7 38. Kg2 Ne5 39. Qe2 Qd5 40. Kf2
Qxf3+ 41. Qxf3 Nxf3 42. Kxf3 Kf7 43. Ke4 Ke6 44. Kd4 b6 45. b4 axb4 46. axb4
c5+ 47. bxc5 bxc5+ 48. Kxc5 Kf5 49. Kd4 Kg4 50. Ke3 Kxg3 51. h5 Kg4 52. Kf2
Kxh5 53. Kg3 Kg5 0-1

[Event "Campeonato Brasileiro Amador 2019 U1800"]
[Site "Sao Paulo"]
[Date "2019.06.21"]
[Round "4.10"]
[White "Borges, Leonardo Hisao Herai"]
[Black "Sanchez, Ivan Roberto"]
[Result "0-1"]
[WhiteElo "1748"]
[BlackElo "1691"]
[PlyCount "82"]
[EventDate "2019.06.20"]

1. Nf3 c5 2. g3 Nc6 3. c4 g6 4. Bg2 Bg7 5. O-O Nf6 6. Nc3 O-O 7. d4 cxd4 8.
Nxd4 a6 9. Nc2 Rb8 10. a4 d6 11. e4 Qc7 12. Ne3 e6 13. Qc2 Nb4 14. Qe2 Nd7 15.
Bd2 Nc6 16. Rab1 Nd4 17. Qd1 Ne5 18. b3 Bd7 19. Ne2 Ndf3+ 20. Kh1 Nxd2 21. Qxd2
Rfd8 22. Rfd1 Be8 23. Nc3 Nc6 24. Rdc1 Qe7 25. f4 Nd4 26. Nc2 Nxc2 27. Qxc2 Bc6
28. Ne2 b6 29. Rd1 Qb7 30. Rd2 Rd7 31. Nd4 Bxd4 32. Rxd4 d5 33. cxd5 exd5 34.
e5 a5 35. Qd3 b5 36. axb5 Qxb5 37. Qxb5 Rxb5 38. b4 Rdb7 39. Rbd1 axb4 40. Bxd5
Rxd5 41. Rxd5 Rb5 0-1

[Event "Campeonato Brasileiro Amador 2019 U1800"]
[Site "Sao Paulo"]
[Date "2019.06.21"]
[Round "4.11"]
[White "Jenidarchiche, Douglas Rodrigo"]
[Black "Jafet Junior, Carlos"]
[Result "1-0"]
[WhiteElo "1737"]
[BlackElo "1628"]
[PlyCount "51"]
[EventDate "2019.06.20"]

1. d4 d5 2. c4 c6 3. cxd5 cxd5 4. Nc3 Nf6 5. Bf4 Nc6 6. e3 e6 7. Bd3 Bd6 8.
Bxd6 Qxd6 9. f4 a6 10. Nf3 Bd7 11. O-O O-O 12. a3 Ne7 13. Ne5 Ng6 14. Qe1 Rac8
15. Rf3 Kh8 16. Rh3 Ne4 17. Nxe4 dxe4 18. Bxe4 Nxf4 19. exf4 Qxd4+ 20. Kh1 g6
21. Qh4 Kg7 22. Qxh7+ Kf6 23. Qh4+ Kg7 24. Qh6+ Kf6 25. Qg5+ Kg7 26. Bxg6 1-0

[Event "Campeonato Brasileiro Amador 2019 U1800"]
[Site "Sao Paulo"]
[Date "2019.06.21"]
[Round "4.12"]
[White "Andreata, Mauro Antonio"]
[Black "Lara, Diego Costa"]
[Result "1/2-1/2"]
[WhiteElo "1624"]
[BlackElo "1729"]
[PlyCount "159"]
[EventDate "2019.06.20"]

1. d4 e6 2. c4 Nf6 3. Nf3 Bb4+ 4. Bd2 Qe7 5. Nc3 b6 6. e3 Bb7 7. Be2 O-O 8. O-O
d5 9. Rc1 dxc4 10. Bxc4 Nbd7 11. Re1 Bxc3 12. Bxc3 Ne4 13. Bd3 f5 14. Bc4 Bd5
15. Qe2 Ndf6 16. h3 Nxc3 17. Rxc3 Ne4 18. Rcc1 c6 19. Rc2 Rac8 20. Rec1 c5 21.
Bxd5 exd5 22. Ne5 c4 23. Qe1 f4 24. b3 fxe3 25. Qxe3 b5 26. bxc4 bxc4 27. Rb1
Rb8 28. Rf1 Rb6 29. f4 Rfb8 30. Kh2 c3 31. Nf3 Qa3 32. Qc1 Rb2 33. Rg1 Qxa2 34.
Rxc3 Nxc3 35. Qxc3 R2b3 36. Qc7 a5 37. Ng5 R3b7 38. Qd6 h6 39. Qe6+ Kh8 40.
Nf7+ Kh7 41. Nd6 Ra7 42. f5 Qa4 43. Qg6+ Kg8 44. Re1 Qd7 45. Qe6+ Qxe6 46. fxe6
Re7 47. Nf5 Kf8 48. Re5 Rb4 49. Nd6 Rb6 50. Rf5+ Kg8 51. Nc8 Rexe6 52. Nxb6
Rxb6 53. Rxd5 Ra6 54. Rc5 a4 55. Kg3 a3 56. Rc1 a2 57. Ra1 Ra4 58. Kf3 Kf7 59.
Ke4 Ke6 60. h4 g6 61. g4 h5 62. gxh5 gxh5 63. Kd3 Kd5 64. Kc3 Ra7 65. Kb2 Ra4
66. Kc3 Ra3+ 67. Kb2 Rh3 68. Kxa2 Kxd4 69. Kb2 Rh2+ 70. Kb3 Kd3 71. Ra4 Rh1 72.
Kb2 Kd2 73. Kb3 Rb1+ 74. Kc4 Rg1 75. Ra2+ Ke3 76. Ra3+ Ke4 77. Ra5 Rc1+ 78. Kb3
Kf4 79. Rxh5 Rh1 80. Rh8 1/2-1/2

[Event "Campeonato Brasileiro Amador 2019 U1800"]
[Site "Sao Paulo"]
[Date "2019.06.21"]
[Round "4.13"]
[White "Santos, Jose Antonio Dos"]
[Black "Olivo, Anibal Ribeiro"]
[Result "1/2-1/2"]
[WhiteElo "1720"]
[BlackElo "1616"]
[PlyCount "93"]
[EventDate "2019.06.20"]

1. d4 Nf6 2. Nf3 g6 3. g3 Bg7 4. Bg2 c6 5. c4 d5 6. Qb3 dxc4 7. Qxc4 Be6 8. Qd3
Qb6 9. O-O O-O 10. e4 Na6 11. Nc3 Rfd8 12. a4 Nb4 13. a5 Qxa5 14. Rxa5 Nxd3 15.
e5 Nd5 16. Ng5 Nxc3 17. bxc3 Nxc1 18. Rxc1 Bd5 19. Nf3 f6 20. Re1 fxe5 21. Nxe5
Bxg2 22. Kxg2 Rd5 23. Nc4 Bf6 24. Rb1 Rxa5 25. Nxa5 c5 26. Rxb7 cxd4 27. cxd4
a6 28. Nc6 Kf8 29. d5 a5 30. Rb3 a4 31. Ra3 Bb2 32. Ra2 a3 33. Nb4 Kf7 34. Nc2
Kf6 35. f4 Kf5 36. Ne3+ Ke4 37. Nc4 Bd4 38. Rxa3 Rxa3 39. Nxa3 Kxd5 40. Kf3 h5
41. h3 Bf6 42. Nc2 e5 43. fxe5 Kxe5 44. Ne3 Bd8 45. Ng2 g5 46. Ne1 h4 47. gxh4
1/2-1/2

[Event "Campeonato Brasileiro Amador 2019 U1800"]
[Site "Sao Paulo"]
[Date "2019.06.21"]
[Round "4.14"]
[White "Rodrigues Mota, Romulo Cardoso S"]
[Black "Haraguchi, Diego Sashaki"]
[Result "0-1"]
[WhiteElo "1712"]
[BlackElo "1524"]
[PlyCount "106"]
[EventDate "2019.06.20"]

1. e4 c5 2. Nf3 Nc6 3. d4 cxd4 4. Nxd4 g6 5. c4 Bg7 6. Be3 Nf6 7. Nc3 d6 8. Be2
Bd7 9. Qd2 O-O 10. O-O Nxd4 11. Bxd4 Bc6 12. Qc2 a5 13. Rad1 Qc7 14. Nd5 Bxd5
15. exd5 Nd7 16. Bxg7 Kxg7 17. h4 h5 18. Qc3+ Kh7 19. f4 Nc5 20. f5 Ne4 21. Qe3
Qc5 22. Rd4 Ng3 23. Rfd1 Nxf5 24. Qe4 Nxd4 25. Rxd4 Rae8 26. Kh2 e5 27. Rd1 f5
28. Qf3 f4 29. Bd3 Kg7 30. Qe4 Rf6 31. Rd2 Qe3 32. Re2 Qxe4 33. Bxe4 Rc8 34. b3
Rf7 35. a4 Kh6 36. Rf2 g5 37. hxg5+ Kxg5 38. Rf3 Rg7 39. Rh3 b6 40. Kg1 Rcg8
41. Kf2 Kh6 42. Bf3 Rg5 43. Ke2 Rxg2+ 44. Bxg2 Rxg2+ 45. Kf3 Rb2 46. Ke4 Rg2
47. Kf5 Rg3 48. Rh1 Rg6 49. b4 axb4 50. Rb1 f3 51. Rf1 Kg7 52. c5 bxc5 53. a5
Rf6+ 0-1

[Event "Campeonato Brasileiro Amador 2019 U1800"]
[Site "Sao Paulo"]
[Date "2019.06.21"]
[Round "4.15"]
[White "Sousa, Fabio De Fatima"]
[Black "Jardim, Tamiris Salvador"]
[Result "1-0"]
[WhiteElo "1695"]
[BlackElo "1339"]
[PlyCount "67"]
[EventDate "2019.06.20"]

1. d4 Nf6 2. c4 g6 3. Nf3 Bg7 4. g3 d6 5. Bg2 Nbd7 6. O-O O-O 7. Nbd2 c5 8. e3
cxd4 9. exd4 Qc7 10. Re1 e5 11. dxe5 dxe5 12. b3 Re8 13. Bb2 Rb8 14. Ng5 b6 15.
Nge4 Bb7 16. Ba3 Nxe4 17. Nxe4 Nc5 18. Qd6 Re7 19. Bxc5 bxc5 20. Qxc5 Qxc5 21.
Nxc5 Bxg2 22. Kxg2 Rd8 23. Rad1 Ree8 24. Rd7 Rxd7 25. Nxd7 e4 26. Kf1 f5 27.
Ke2 Kf7 28. Rd1 Ke7 29. Nc5 Kf7 30. Nb7 Re7 31. Nd8+ Kf6 32. h4 Rb7 33. Nxb7 g5
34. Rd6+ 1-0

[Event "Campeonato Brasileiro Amador 2019 U1800"]
[Site "Sao Paulo"]
[Date "2019.06.21"]
[Round "4.17"]
[White "Vitielo, Alecio Elias"]
[Black "Canonico, Rodrigo"]
[Result "0-1"]
[WhiteElo "1799"]
[BlackElo "1714"]
[PlyCount "70"]
[EventDate "2019.06.20"]

1. d4 f5 2. c4 Nf6 3. Nf3 g6 4. g3 Bg7 5. Bg2 O-O 6. O-O d6 7. Nc3 Nc6 8. e3 e5
9. d5 Ne7 10. Qb3 e4 11. Nd4 b6 12. Rd1 Ng4 13. Nce2 g5 14. f3 exf3 15. Bxf3
Ne5 16. Bg2 Qe8 17. Rf1 Qh5 18. h3 Ba6 19. Bf3 Qxh3 20. Rf2 Bxc4 21. Qd1 Nxf3+
22. Nxf3 Bxe2 23. Qxe2 Qxg3+ 24. Rg2 Qh3 25. Nxg5 Qh4 26. Ne6 Rf7 27. Ng5 Rf6
28. Ne6 Rg6 29. Rxg6 hxg6 30. Nxg7 Kxg7 31. Bd2 Nxd5 32. Qb5 Qg3+ 33. Kf1 Qf3+
34. Ke1 Rh8 35. Bc3+ Nxc3 0-1

[Event "Campeonato Brasileiro Amador 2019 U1800"]
[Site "Sao Paulo"]
[Date "2019.06.21"]
[Round "4.19"]
[White "Santos, Marcos Correia"]
[Black "Teles, Lucas Marquetotti"]
[Result "1-0"]
[WhiteElo "1567"]
[BlackElo "1790"]
[PlyCount "139"]
[EventDate "2019.06.20"]

1. e4 e5 2. Nf3 Nc6 3. Bc4 f5 4. d3 Bb4+ 5. c3 Be7 6. O-O d6 7. Re1 fxe4 8.
dxe4 Bf6 9. Nbd2 Nh6 10. Nf1 Nf7 11. Ne3 O-O 12. Nd5 Kh8 13. Bb3 Na5 14. Bc2
Nc4 15. Bb3 Nb6 16. a4 Nxd5 17. Bxd5 Qe7 18. a5 a6 19. Ra3 Nd8 20. Be3 Qe8 21.
Kh1 Be7 22. Ng1 Qg6 23. f3 Ne6 24. Ne2 Bh4 25. Rf1 Nf4 26. Nxf4 exf4 27. Bd4 c5
28. Bf2 Bg3 29. Bxg3 fxg3 30. hxg3 Qxg3 31. Qe1 Qg5 32. Qf2 Rf6 33. Kg1 Rh6 34.
Rfa1 Qh4 35. Kf1 Qg5 36. c4 Rh2 37. f4 Qg4 38. Kg1 Qh5 39. Qg3 Rh4 40. Qg5 Qxg5
41. fxg5 Rf4 42. Rf1 Rxf1+ 43. Kxf1 Rb8 44. Rf3 Bd7 45. Rf7 Bc6 46. Ke2 Bxd5
47. cxd5 Kg8 48. Rd7 b6 49. Rxd6 bxa5 50. Rxa6 Rxb2+ 51. Kd3 Kf8 52. e5 Rb4 53.
d6 Rd4+ 54. Ke3 Kf7 55. Rxa5 Rd5 56. Ra7+ Ke6 57. Re7+ Kf5 58. g4+ Kg6 59. d7
c4 60. Re6+ Kf7 61. Rd6 Rxe5+ 62. Kd4 Rxg5 63. d8=Q Rxg4+ 64. Kc5 Re4 65. Qd7+
Re7 66. Qf5+ Ke8 67. Qxh7 Re5+ 68. Kd4 Rg5 69. Qg8+ Ke7 70. Qe6+ 1-0

[Event "Campeonato Brasileiro Amador 2019 U1800"]
[Site "Sao Paulo"]
[Date "2019.06.21"]
[Round "4.20"]
[White "Pereira Fo, Hildebrando Apolonio"]
[Black "Rezende, Uelton Fabricius Alv"]
[Result "0-1"]
[WhiteElo "1550"]
[BlackElo "1778"]
[PlyCount "96"]
[EventDate "2019.06.20"]

1. c4 c5 2. Nc3 Nf6 3. Nf3 d5 4. cxd5 Nxd5 5. e3 a6 6. d4 cxd4 7. Nxd4 Nxc3 8.
bxc3 e5 9. Nf3 Qc7 10. Bb2 Be7 11. Be2 O-O 12. O-O Bf5 13. c4 Nc6 14. Qb3 Rad8
15. Rfd1 Be6 16. Rac1 Rxd1+ 17. Qxd1 Rd8 18. Qa4 Bf6 19. Rd1 g6 20. a3 Bg7 21.
Ng5 Bd7 22. Qb3 h6 23. Ne4 Bc8 24. c5 Rxd1+ 25. Qxd1 Be6 26. Bc3 Nb8 27. Qd6
Qxd6 28. cxd6 Nd7 29. Bb4 Bf8 30. h4 f5 31. Nc3 Kf7 32. g3 Bb3 33. f4 exf4 34.
gxf4 Ke6 35. e4 Bxd6 36. exf5+ gxf5 37. Bh5 Bxf4 38. Ne2 Be3+ 39. Kg2 Ne5 40.
Kg3 Bd5 41. Nf4+ Bxf4+ 42. Kxf4 Nd3+ 43. Ke3 Nxb4 44. axb4 Ke5 45. Kd3 b6 46.
Bd1 Bc6 47. Kc4 f4 48. Be2 Bb5+ 0-1

[Event "Campeonato Brasileiro Amador 2019 U1800"]
[Site "Sao Paulo"]
[Date "2019.06.21"]
[Round "4.21"]
[White "Ribeiro, Daniel Malta"]
[Black "Saito, Helio Tsutomu"]
[Result "1-0"]
[WhiteElo "1775"]
[BlackElo "1668"]
[PlyCount "109"]
[EventDate "2019.06.20"]

1. c4 Nf6 2. Nc3 g6 3. g3 Bg7 4. Bg2 c6 5. e4 d6 6. Nge2 e5 7. O-O O-O 8. h3
Be6 9. d3 Qc8 10. Kh2 a6 11. a4 a5 12. Be3 Na6 13. Qd2 Nc7 14. Rac1 h5 15. f4
exf4 16. Bxf4 Nfe8 17. Rf2 Bd7 18. d4 Ne6 19. Be3 Nd8 20. Rcf1 f6 21. Nf4 Kh7
22. Nd3 Nf7 23. e5 dxe5 24. dxe5 f5 25. Bd4 Nc7 26. Ne2 Ne6 27. Bc3 Qc7 28. b3
b6 29. Nef4 Rad8 30. Qe2 Nxf4 31. gxf4 Be6 32. Rd1 Rd7 33. Qf3 Rfd8 34. Rfd2 c5
35. Qc6 Re8 36. Qxc7 Rxc7 37. Ne1 Bf8 38. Nc2 Be7 39. Bd5 Nd8 40. Ne3 Kh6 41.
Kg3 Bc8 42. Bf3 Ne6 43. Nd5 h4+ 44. Kf2 Rd7 45. Ke3 g5 46. Nxe7 gxf4+ 47. Kf2
Rxd2+ 48. Rxd2 Rxe7 49. Rd6 Kg5 50. Rxb6 Nd4 51. Bxd4 cxd4 52. Rb5 d3 53. Rxa5
Bb7 54. Bxb7 Rxb7 55. Rb5 1-0

[Event "Campeonato Brasileiro Amador 2019 U1800"]
[Site "Sao Paulo"]
[Date "2019.06.21"]
[Round "4.22"]
[White "Sato, Claudio Takeshi"]
[Black "Arruda Filho, Ivo Pereira De"]
[Result "1/2-1/2"]
[WhiteElo "1609"]
[BlackElo "1742"]
[PlyCount "148"]
[EventDate "2019.06.20"]

1. b3 e5 2. Bb2 Nc6 3. e3 Bc5 4. Bb5 Nge7 5. Nf3 f6 6. d4 exd4 7. Nxd4 Bxd4 8.
exd4 d5 9. Bxc6+ bxc6 10. Qh5+ Ng6 11. O-O O-O 12. Nd2 Ba6 13. Rfe1 Re8 14. c4
Qd6 15. a4 Qb4 16. Red1 dxc4 17. Ba3 Qc3 18. Qc5 Ne7 19. Rac1 Qd3 20. bxc4 Qf5
21. Re1 Qxc5 22. Bxc5 Kf7 23. Re4 Nf5 24. Rce1 Rxe4 25. Rxe4 Nd6 26. Rh4 h6 27.
d5 cxd5 28. cxd5 Re8 29. Nf3 Rb8 30. h3 Rb1+ 31. Kh2 Bb7 32. Rd4 a6 33. g4 Rb2
34. Kg3 Rb3 35. Kg2 g5 36. Nd2 Rb2 37. Bxd6 cxd6 38. Nc4 Rb1 39. Nxd6+ Kg6 40.
Nxb7 Rxb7 41. Kf3 f5 42. Ke3 Rb3+ 43. Rd3 f4+ 44. Ke4 Rb2 45. d6 Re2+ 46. Kd5
Kf7 47. Kc6 Ke8 48. Kc7 Rc2+ 49. Kb6 Rxf2 50. Kxa6 Kd7 51. a5 Ra2 52. Kb6 Rb2+
53. Ka7 Rb5 54. Ka6 Rb8 55. Rd5 Rb3 56. Rf5 Kxd6 57. Rf6+ Ke5 58. Rxh6 f3 59.
Rg6 Kf4 60. Rf6+ Kg3 61. Rf5 Kxh3 62. Rxg5 Rb4 63. Rg6 Rxg4 64. Rf6 Kg3 65. Kb7
Rf4 66. Rg6+ Kh2 67. Rh6+ Kg2 68. Rg6+ Kf1 69. a6 f2 70. a7 Rf7+ 71. Kb6 Rxa7
72. Kxa7 Ke2 73. Re6+ Kf3 74. Rf6+ Kg2 1/2-1/2

[Event "Campeonato Brasileiro Amador 2019 U1800"]
[Site "Sao Paulo"]
[Date "2019.06.21"]
[Round "4.23"]
[White "Mesquita, Arnaldo Leite"]
[Black "Lima, Aine Carolina"]
[Result "1/2-1/2"]
[WhiteElo "1741"]
[BlackElo "1665"]
[PlyCount "66"]
[EventDate "2019.06.20"]

1. Nf3 d5 2. c4 e6 3. b3 c6 4. g3 f5 5. Bg2 Nf6 6. O-O Bd6 7. d4 O-O 8. Ne5
Nbd7 9. Bb2 Qc7 10. Nd3 Qb8 11. Nd2 Ne4 12. e3 Ndf6 13. Ne5 Nxd2 14. Qxd2 Bd7
15. c5 Bc7 16. f3 Be8 17. Rae1 Nd7 18. Nxd7 Bxd7 19. e4 Qd8 20. exf5 exf5 21.
f4 Qf6 22. Re2 Rfe8 23. Rfe1 Rxe2 24. Rxe2 Re8 25. b4 Rxe2 26. Qxe2 Qe6 27. Kf2
Qxe2+ 28. Kxe2 Kf7 29. a4 Ke6 30. Ke3 Bd8 31. Bf1 a6 32. Bd3 g6 33. Kf3 h5
1/2-1/2

[Event "Campeonato Brasileiro Amador 2019 U1800"]
[Site "Sao Paulo"]
[Date "2019.06.21"]
[Round "4.24"]
[White "Rial, Antonio Marcos Pino"]
[Black "Brujin, Homero"]
[Result "1-0"]
[WhiteElo "1735"]
[BlackElo "1485"]
[PlyCount "73"]
[EventDate "2019.06.20"]

1. d4 Nf6 2. Nf3 g6 3. Nc3 Bg7 4. e4 d6 5. Be3 O-O 6. Bd3 Nbd7 7. Qd2 a6 8. h4
b5 9. h5 Ng4 10. hxg6 fxg6 11. Ng5 Ndf6 12. Bf4 Nh5 13. Rxh5 gxh5 14. f3 e5 15.
dxe5 Nxe5 16. Be3 c6 17. O-O-O Qa5 18. Kb1 Rb8 19. Rh1 Nc4 20. Bxc4+ bxc4 21.
Bd4 Bxd4 22. Qxd4 Qxg5 23. Qxc4+ Rf7 24. Ne2 Qf6 25. b3 c5 26. Rxh5 Rb4 27. Qd5
Bb7 28. Qd2 Bc6 29. Ng3 Rd4 30. Qc1 Rg7 31. Rf5 Qe6 32. Nh5 Rf7 33. Qg5+ Kf8
34. Qd8+ Qe8 35. Rxf7+ Kg8 36. Qg5+ Kxf7 37. Qf6+ 1-0

[Event "Campeonato Brasileiro Amador 2019 U1800"]
[Site "Sao Paulo"]
[Date "2019.06.21"]
[Round "4.25"]
[White "Ferreira, Raphael Suzuki"]
[Black "Conrado, Carlos Alberto"]
[Result "1-0"]
[WhiteElo "1663"]
[BlackElo "1447"]
[PlyCount "75"]
[EventDate "2019.06.20"]

1. Nf3 d5 2. c4 e6 3. e3 Nf6 4. Nc3 c6 5. d4 Nbd7 6. Be2 dxc4 7. Bxc4 b5 8. Bd3
Bb7 9. a3 a6 10. e4 c5 11. O-O cxd4 12. Nxd4 Bc5 13. Nf3 h6 14. b4 Bb6 15. Bb2
O-O 16. Qe2 Rc8 17. Rac1 Nh5 18. Qd2 Re8 19. Be2 Nhf6 20. Bd3 Qe7 21. h3 Red8
22. Rfd1 Nf8 23. Qe1 Ng6 24. Bb1 Nh5 25. Ne2 Nh4 26. Nxh4 Qxh4 27. Rxd8+ Rxd8
28. Be5 Bxe4 29. Ng3 Nxg3 30. Bxg3 Qxg3 31. Qxe4 Qxf2+ 32. Kh1 g6 33. Qb7 Be3
34. Qc7 Rd2 35. Qb8+ Kh7 36. Bxg6+ Kxg6 37. Qg8+ Kh5 38. Qg4# 1-0

[Event "Campeonato Brasileiro Amador 2019 U1800"]
[Site "Sao Paulo"]
[Date "2019.06.21"]
[Round "4.26"]
[White "Haraguchi, Matheus Sashaki"]
[Black "Da Rocha, Lucas Sampaio"]
[Result "1-0"]
[WhiteElo "1524"]
[BlackElo "1637"]
[PlyCount "59"]
[EventDate "2019.06.20"]

1. c4 d5 2. cxd5 Qxd5 3. Nc3 Qa5 4. Nf3 Nf6 5. d4 c6 6. Bd2 Bf5 7. e3 a6 8. Bc4
e6 9. O-O Nbd7 10. a3 Qc7 11. Rc1 Bd6 12. Be2 h6 13. b4 O-O 14. Na4 e5 15. h3
g5 16. dxe5 Nxe5 17. Bc3 Ne4 18. Bd4 Rad8 19. Qe1 Qe7 20. Nc5 Nxf3+ 21. Bxf3 g4
22. hxg4 Qh4 23. g3 Nxg3 24. fxg3 Bxg3 25. Qe2 Bc8 26. Ne4 Rfe8 27. Bf6 Bh2+
28. Qxh2 Qxh2+ 29. Kxh2 Rd3 30. Bd4 1-0

[Event "Campeonato Brasileiro Amador 2019 U1800"]
[Site "Sao Paulo"]
[Date "2019.06.21"]
[Round "4.27"]
[White "Loss, Victor Pinheiro Cost"]
[Black "Potasso Junior, Alvaro"]
[Result "0-1"]
[WhiteElo "1412"]
[BlackElo "1606"]
[PlyCount "72"]
[EventDate "2019.06.20"]

1. e4 e6 2. d4 d5 3. Nc3 c5 4. exd5 exd5 5. dxc5 d4 6. Bb5+ Nc6 7. Bxc6+ bxc6
8. Nce2 Bxc5 9. Nf3 Bg4 10. Nfxd4 Qf6 11. O-O Rd8 12. c3 Ne7 13. Be3 O-O 14.
Qa4 Bd6 15. Ng3 h5 16. Nb3 Bc7 17. h3 Be6 18. Nxh5 Qg6 19. Nf4 Bxf4 20. Qxf4
Rd5 21. Qg3 Qh7 22. Nd4 Bd7 23. Rae1 c5 24. Nb3 Nf5 25. Qf3 Nxe3 26. Rxe3 Rg5
27. Kh2 Be6 28. Rfe1 Bd5 29. Re4 f5 30. Qf4 Rxg2+ 31. Kxg2 fxe4 32. Qe3 Rf3 33.
Qxc5 Qxh3+ 34. Kg1 Rf5 35. Qc8+ Kh7 36. Re3 Rg5+ 0-1

[Event "Campeonato Brasileiro Amador 2019 U1800"]
[Site "Sao Paulo"]
[Date "2019.06.21"]
[Round "4.28"]
[White "Nobre, Jose Adalberto Barbo"]
[Black "Neto, Valdeno Brito"]
[Result "0-1"]
[WhiteElo "1593"]
[BlackElo "1534"]
[PlyCount "102"]
[EventDate "2019.06.20"]

1. e4 Nf6 2. d3 e5 3. Nd2 Bc5 4. h3 O-O 5. Ngf3 Re8 6. g3 c6 7. Bg2 d5 8. O-O
Nbd7 9. Re1 Qb6 10. Qe2 Nf8 11. Nb3 dxe4 12. dxe4 Ng6 13. Nxc5 Qxc5 14. Nd2
Qxc2 15. Nc4 Qxe2 16. Rxe2 Rd8 17. Bg5 Be6 18. Rc1 Rd7 19. b3 Bxc4 20. Rxc4 h6
21. Be3 Ne8 22. Ra4 a6 23. Bb6 Nf8 24. Ra5 Ne6 25. Rxe5 N8c7 26. f4 Nb5 27. Kf2
g6 28. Ke1 Re8 29. f5 Ng7 30. Rxe8+ Nxe8 31. fxg6 fxg6 32. e5 Ng7 33. e6 Re7
34. h4 Nc3 35. Re3 Nd5 36. Bxd5 cxd5 37. Kd2 Rxe6 38. Rxe6 Nxe6 39. g4 h5 40.
gxh5 gxh5 41. Ke3 Kf7 42. Kf3 Kf6 43. Bf2 Ke5 44. Be3 d4 45. Bd2 Kd5 46. Bh6 b5
47. a3 Nc5 48. b4 Nd3 49. Bg7 Ne5+ 50. Ke2 Ke4 51. Kf2 Nc4 0-1

[Event "Campeonato Brasileiro Amador 2019 U1800"]
[Site "Sao Paulo"]
[Date "2019.06.21"]
[Round "4.29"]
[White "Hayashi, Kaito"]
[Black "De Almeida, Jose Fernando Antun"]
[Result "1-0"]
[WhiteElo "1561"]
[BlackElo "1357"]
[PlyCount "85"]
[EventDate "2019.06.20"]

1. e4 c6 2. d4 d5 3. exd5 cxd5 4. Nf3 Bf5 5. Bf4 Nd7 6. Bd3 Bxd3 7. Qxd3 Qb6 8.
Qb3 e6 9. Nbd2 Ngf6 10. O-O Be7 11. c3 O-O 12. Ne5 Rac8 13. Ndf3 Nb8 14. Bg5 h6
15. Bh4 Qc7 16. Qc2 Ne4 17. Bxe7 Qxe7 18. Qe2 a6 19. Nd2 Nd6 20. Nb3 Nd7 21.
Nxd7 Qxd7 22. Nc5 Qe7 23. Nd3 Qg5 24. Qe5 Nf5 25. Qf4 Qxf4 26. Nxf4 Rc4 27. Nd3
Re8 28. Nc5 Rxc5 29. dxc5 Rc8 30. b4 a5 31. a4 h5 32. Rab1 Ra8 33. Rfc1 Kf8 34.
bxa5 Rxa5 35. Rxb7 Rxa4 36. Kf1 g5 37. c4 d4 38. c6 Ra8 39. c7 Rc8 40. Rb8 Nd6
41. Ra1 Ke7 42. Raa8 Kd7 43. Rxc8 1-0

[Event "Campeonato Brasileiro Amador 2019 U1800"]
[Site "Sao Paulo"]
[Date "2019.06.21"]
[Round "4.31"]
[White "Da Silva, Matheus Lopes"]
[Black "Palomino, Alexandre Cardoso De"]
[Result "1-0"]
[WhiteElo "1633"]
[BlackElo "1740"]
[PlyCount "41"]
[EventDate "2019.06.20"]

1. d4 d6 2. c4 Nf6 3. Nf3 c6 4. e3 Bg4 5. Be2 Nbd7 6. Nbd2 e5 7. dxe5 dxe5 8.
b3 Qc7 9. Bb2 Bd6 10. Qc2 Bh5 11. O-O Bg6 12. Bd3 Bxd3 13. Qxd3 Nc5 14. Qc2 e4
15. Nd4 Bxh2+ 16. Kh1 Qe5 17. g3 Bxg3 18. fxg3 Qxg3 19. Rfe1 Ng4 20. Nxe4 Nxe4
21. Qxe4+ 1-0